Utilización de precios de transferencia para mejorar la gestión (Registro nro. 11238)

Detalles MARC
000 -LEADER
fixed length control field 00370 a2200121 4500
001 - CONTROL NUMBER
control field ART_5842
005 - DATE AND TIME OF LATEST TRANSACTION
control field 20260410161618.0
008 - FIXED-LENGTH DATA ELEMENTS--GENERAL INFORMATION
fixed length control field 260409a
100 1# - MAIN ENTRY--PERSONAL NAME
Personal name Di Stefano, Victorio
245 10 - TITLE STATEMENT
Title Utilización de precios de transferencia para mejorar la gestión
700 1# - ADDED ENTRY--PERSONAL NAME
Personal name Alderete, Verónica P.
773 0# - HOST ITEM ENTRY
Title Enfoques
Related parts - Nº 5 (may. 2007)
Record control number REV416

No hay ítems disponibles.